Surveyors in the family (Record no. 80969)

MARC details
000 -LEADER
fixed length control field 00758cab a22001935a 4500
001 - CONTROL NUMBER
control field L145901
008 - FIXED-LENGTH DATA ELEMENTS--GENERAL INFORMATION
fixed length control field 081121s2008 xxko f 000 0 eng d
035 ## - SYSTEM CONTROL NUMBER
System control number (Sirsi) u145901
041 0# - LANGUAGE CODE
Language code of text/sound track or separate title eng
100 1# - MAIN ENTRY--PERSONAL NAME
Personal name Howard, Annette
245 00 - TITLE STATEMENT
Title Surveyors in the family
260 ## - PUBLICATION, DISTRIBUTION, ETC.
Date of publication, distribution, etc. 2008
490 ## - SERIES STATEMENT
Series statement Ancestors
Volume/sequential designation (76) December 2008, 32-33(2)
520 ## - SUMMARY, ETC.
Summary, etc. Article suggests key resources for revealing historical information on chartered surveyors, auctioneers and estate agents. Provides advice on additional assistance offered by the RICS Library, suggestions for further reading and case studies (including one on John Clutton, the first president of the organisation).
590 ## - LOCAL NOTE (RLIN)
Local note KA
651 #4 - SUBJECT ADDED ENTRY--GEOGRAPHIC NAME
Geographic name United Kingdom
Chronological subdivision
690 ## - LOCAL SUBJECT ADDED ENTRY--TOPICAL TERM (OCLC, RLIN)
Topical term or geographic name as entry element ABOUT RICS
942 ## - ADDED ENTRY ELEMENTS (KOHA)
Suppress in OPAC 0
Holdings
Withdrawn status Lost status Source of classification or shelving scheme Damaged status Not for loan Home library Current library Shelving location Date acquired Total Checkouts Full call number Barcode Date last seen Copy number Price effective from Koha item type
    Dewey Decimal Classification     London London Journal article 21/11/2008   L145901 145901-1001 06/08/2019 1 06/08/2019 Journal article